[Event "Moscow op-B (Women)"]
[Site "Moscow"]
[Date "2016.02.07"]
[Round "9"]
[White "Averchenko, Ekaterina"]
[Black "Vasilevich, Irina"]
[Result "0-1"]
[WhiteElo "2165"]
[BlackElo "2299"]
[PlyCount "92"]
[EventDate "2016.01.30"]
[EventType "swiss"]
[EventRounds "9"]
[EventCountry "RUS"]
[SourceTitle "CBM 170 Extra"]
[Source "ChessBase"]
[SourceDate "2016.02.25"]
[SourceVersion "1"]
[SourceVersionDate "2016.02.25"]
[SourceQuality "1"]

1. e4 e6 2. d4 d5 3. Nd2 Nc6 4. Ngf3 Nf6 5. e5 Nd7 6. Bd3 Nb4 7. Be2 c5 8. c3 Nc6 9. 0-0 cxd4 10. cxd4 f6 11. Re1 fxe5 12. dxe5 Be7 13. Bd3 0-0 14. Qc2 h6 15. a3 Qb6 16. Nb3 Rxf3 17. gxf3 Ndxe5 18. Kg2 Bd7 19. Be3 d4 20. Bf4 Nxf3 21. Re4 Nh4+ 22. Kh1 Rf8 23. Nd2 Qd8 24. Rg1 Kh8 25. Bg3 Nf5 26. Nf3 Nxg3+ 27. Rxg3 Bd6 28. Rh3 Qf6 29. Nh4 Ne7 30. Rf3 Nf5 31. Rg4 Rc8 32. Qd2 Kg8 33. Rh3 Bc6+ 34. Kg1 Nxh4 35. Rgxh4 Rf8 36. Rxh6 gxh6 37. Rxh6 Bf4 38. Rxf6 Bxd2 39. Rxe6 Rf4 40. b4 Bf3 41. Re8+ Kf7 42. Rc8 Ke7 43. Rh8 Rf8 44. Rh7+ Kd6 45. h4 Rg8+ 46. Kh2 Bf4+ 0-1

[Event "RUS-ch Higher League (Women) 65th"]
[Site "Kaliningrad"]
[Date "2015.06.26"]
[Round "5"]
[White "Baraeva, Marina"]
[Black "Averchenko, Ekaterina"]
[Result "1-0"]
[WhiteElo "2182"]
[BlackElo "2184"]
[PlyCount "83"]
[EventDate "2015.06.22"]
[EventType "swiss"]
[EventRounds "9"]
[EventCountry "RUS"]
[SourceTitle "EXT 2017"]
[Source "ChessBase"]
[SourceDate "2016.10.25"]
[SourceVersion "1"]
[SourceVersionDate "2016.10.25"]
[SourceQuality "1"]

1. d4 f5 2. Nf3 Nf6 3. g3 g6 4. Bg2 Bg7 5. 0-0 0-0 6. b3 d6 7. Bb2 Qe8 8. c4 Nc6 9. d5 Nd8 10. Nc3 e5 11. dxe6 Nxe6 12. e3 Nc5 13. Qc2 Bd7 14. Nd4 a6 15. Rad1 Rb8 16. Nde2 g5 17. Nd5 Nxd5 18. Bxd5+ Be6 19. Bxg7 Kxg7 20. Nd4 Qf7 21. b4 c6 22. bxc5 cxd5 23. Nxe6+ Qxe6 24. cxd6 Qe5 25. cxd5 Qxd6 26. e4 f4 27. Qc3+ Kg8 28. e5 Qh6 29. Rd3 Rf5 30. g4 Rff8 31. Rh3 Qg6 32. e6 f3 33. Rxf3 Qe4 34. Rf7 Qxg4+ 35. Kh1 Qe4+ 36. f3 Qg6 37. Rxf8+ Rxf8 38. e7 Re8 39. Qe5 Qd3 40. Qxg5+ Kf7 41. Qf4+ Kxe7 42. Re1+ 1-0

[Event "RUS-ch Higher League (Women) 65th"]
[Site "Kaliningrad"]
[Date "2015.06.23"]
[Round "2"]
[White "Charochkina, Daria"]
[Black "Averchenko, Ekaterina"]
[Result "1-0"]
[WhiteElo "2398"]
[BlackElo "2184"]
[PlyCount "125"]
[EventDate "2015.06.22"]
[EventType "swiss"]
[EventRounds "9"]
[EventCountry "RUS"]
[SourceTitle "CBM 167 Extra"]
[Source "ChessBase"]
[SourceDate "2015.09.14"]
[SourceVersion "1"]
[SourceVersionDate "2015.09.14"]
[SourceQuality "1"]

1. b3 e5 2. Bb2 Nc6 3. c4 f5 4. Nc3 Nf6 5. e3 Be7 6. d4 e4 7. d5 Ne5 8. Nh3 0-0 9. Be2 Ng6 10. Qc2 Bd6 11. 0-0-0 a6 12. Kb1 Qe7 13. f3 exf3 14. Bxf3 Nh4 15. Qd3 Be5 16. Nf4 Rb8 17. Be2 d6 18. g3 Ng6 19. Bf3 b5 20. cxb5 axb5 21. b4 Re8 22. Rhe1 Ne4 23. Bxe4 Bxc3 24. Qxc3 Qxe4+ 25. Ka1 Re7 26. Nh5 Ne5 27. Rf1 Nc4 28. Rfe1 Nxb2 29. Kxb2 Ra8 30. a3 Bd7 31. Nf4 Qe5 32. Qxe5 dxe5 33. Nd3 Be8 34. e4 Bh5 35. Rc1 Rd8 36. exf5 Rxd5 37. Nf4 Rd2+ 38. Rc2 Rxc2+ 39. Kxc2 Bg4 40. Nd5 Bxf5+ 41. Kb2 Rd7 42. Rxe5 Bg4 43. Rg5 Kf7 44. Nxc7 Rxc7 45. Rxg4 Kf6 46. h4 h6 47. h5 Kf5 48. Rd4 Ke5 49. Rd8 Rf7 50. Rb8 Rf2+ 51. Kc1 Kd4 52. Rxb5 Kc3 53. Kd1 Kb3 54. Ra5 Rh2 55. g4 Rg2 56. b5 Rxg4 57. b6 Rg1+ 58. Ke2 Kc4 59. Rb5 Rg2+ 60. Kf1 Ra2 61. b7 Ra1+ 62. Ke2 Ra2+ 63. Kd1 1-0

[Event "Moscow op-B (Women)"]
[Site "Moscow"]
[Date "2015.02.06"]
[Round "7"]
[White "Vasilevich, Irina"]
[Black "Averchenko, Ekaterina"]
[Result "1/2-1/2"]
[WhiteElo "2320"]
[BlackElo "2204"]
[PlyCount "124"]
[EventDate "2015.01.31"]
[EventType "swiss"]
[EventRounds "9"]
[EventCountry "RUS"]
[SourceTitle "CBM 164 Extra"]
[Source "ChessBase"]
[SourceDate "2015.03.02"]
[SourceVersion "1"]
[SourceVersionDate "2015.03.02"]
[SourceQuality "1"]

1. e4 c5 2. Nc3 Nc6 3. Bb5 Nd4 4. Bc4 e6 5. Nf3 Nf6 6. 0-0 a6 7. d3 b5 8. Bb3 Bb7 9. Nxd4 cxd4 10. Ne2 Qb6 11. c3 dxc3 12. bxc3 Be7 13. h3 0-0 14. Be3 Qc7 15. f4 Bc5 16. Bxc5 Qxc5+ 17. Kh1 Rac8 18. Qe1 Qh5 19. Rf3 Qh6 20. Qg1 Ng4 21. Qd4 Nf6 22. Kg1 Qh5 23. f5 Rfe8 24. Qa7 Rc7 25. Qb6 Rec8 26. a4 bxa4 27. Rxa4 Bc6 28. Ra5 Qh4 29. Ra1 Rb7 30. Qxa6 Rcb8 31. Nd4 Rb6 32. Qa5 h6 33. fxe6 fxe6 34. Nxc6 Rxc6 35. Bc4 Kh7 36. Raf1 Rcb6 37. e5 Qg5 38. d4 Rb2 39. R1f2 Rxf2 40. Bd3+ Kg8 41. Rxf2 Nd5 42. Qa7 Qd8 43. c4 Ra8 44. Qc5 Rc8 45. Qa3 Ra8 46. Qc1 Nb4 47. Be4 Rc8 48. Qf4 Qe7 49. d5 g5 50. Qg4 exd5 51. Bf3 dxc4 52. Bb7 Rc5 53. Re2 Nd3 54. Qd4 Nf4 55. Ra2 Ne6 56. Bd5 Kg7 57. Bxe6 dxe6 58. Ra6 c3 59. Rxe6 Qxe6 60. Qxc5 c2 61. Qc7+ Kf8 62. Qxc2 Qxe5 1/2-1/2

[Event "RUS-ch Higher League (Women) 64th"]
[Site "Vladivostok"]
[Date "2014.06.13"]
[Round "9"]
[White "Averchenko, Ekaterina"]
[Black "Kostitsina, Liubov"]
[Result "1-0"]
[WhiteElo "2199"]
[BlackElo "2101"]
[PlyCount "85"]
[EventDate "2014.06.04"]
[EventType "swiss"]
[EventRounds "9"]
[EventCountry "RUS"]
[SourceTitle "CBM 160 Extra"]
[Source "ChessBase"]
[SourceDate "2014.07.01"]
[SourceVersion "1"]
[SourceVersionDate "2014.07.01"]
[SourceQuality "1"]

1. e4 e5 2. Nf3 Nc6 3. Bb5 a6 4. Ba4 Nf6 5. 0-0 Be7 6. Re1 b5 7. Bb3 0-0 8. c3 d6 9. h3 Na5 10. Bc2 c5 11. d4 Nd7 12. Nbd2 cxd4 13. cxd4 Nc6 14. d5 Nb4 15. Bb1 a5 16. a3 Na6 17. b4 Bb7 18. Qb3 Nc7 19. Bb2 Nb6 20. Bd3 Qd7 21. Rac1 axb4 22. axb4 Ra4 23. Bc2 Raa8 24. Qe3 Na4 25. Ba1 Na6 26. Qb3 Rfc8 27. Bd3 Nb6 28. Bb2 Kh8 29. Bxe5 dxe5 30. Nxe5 Qe8 31. d6 Bf6 32. Nxf7+ Kg8 33. Nh6+ Kh8 34. Bxb5 Bd5 35. d7 Rxc1 36. dxe8Q+ Rxe8 37. Rxc1 Bxb3 38. Bxe8 Bg5 39. Nxb3 Bxc1 40. Nf7+ Kg8 41. Nxc1 Kf8 42. Nd6 Ke7 43. Bb5 1-0

[Event "RUS-ch Higher League (Women) 64th"]
[Site "Vladivostok"]
[Date "2014.06.11"]
[Round "7"]
[White "Vasilevich, Irina"]
[Black "Averchenko, Ekaterina"]
[Result "1-0"]
[WhiteElo "2338"]
[BlackElo "2199"]
[PlyCount "88"]
[EventDate "2014.06.04"]
[EventType "swiss"]
[EventRounds "9"]
[EventCountry "RUS"]
[SourceTitle "CBM 160 Extra"]
[Source "ChessBase"]
[SourceDate "2014.07.01"]
[SourceVersion "1"]
[SourceVersionDate "2014.07.01"]
[SourceQuality "1"]

1. c4 e5 2. g3 Nf6 3. Nc3 c6 4. Nf3 e4 5. Nd4 Qb6 6. Nb3 a5 7. d3 a4 8. Nd2 e3 9. fxe3 Ng4 10. Nf3 a3 11. Qb3 Qxb3 12. axb3 axb2 13. Bxb2 Rxa1+ 14. Bxa1 Nxe3 15. Bh3 Nc2+ 16. Kd2 Nxa1 17. Rxa1 Na6 18. d4 Bb4 19. Ne5 0-0 20. Nd3 Be7 21. d5 f5 22. Bg2 Nc5 23. Nxc5 Bxc5 24. Kd3 Bb4 25. Ra8 Bxc3 26. Kxc3 Kf7 27. c5 Re8 28. Bf3 Kf6 29. d6 g5 30. h3 Kg6 31. g4 f4 32. Kb4 Kf6 33. Ka5 Ke5 34. Kb6 Kd4 35. Kc7 Kxc5 36. Rxc8 Rxc8+ 37. Kxc8 Kxd6 38. Kxb7 Kc5 39. Kc7 d5 40. Kd7 Kb5 41. Kd6 Kb4 42. Kxc6 Kxb3 43. Kxd5 Kc3 44. Ke5 Kd2 1-0

[Event "RUS-ch Higher League (Women) 64th"]
[Site "Vladivostok"]
[Date "2014.06.10"]
[Round "6"]
[White "Averchenko, Ekaterina"]
[Black "Ambartsumova, Karina"]
[Result "1/2-1/2"]
[WhiteElo "2199"]
[BlackElo "2331"]
[PlyCount "221"]
[EventDate "2014.06.04"]
[EventType "swiss"]
[EventRounds "9"]
[EventCountry "RUS"]
[SourceTitle "CBM 160 Extra"]
[Source "ChessBase"]
[SourceDate "2014.07.01"]
[SourceVersion "1"]
[SourceVersionDate "2014.07.01"]
[SourceQuality "1"]

1. e4 c5 2. Nf3 e6 3. d4 cxd4 4. Nxd4 a6 5. Bd3 Bc5 6. c3 Ne7 7. 0-0 d6 8. Be3 0-0 9. Nd2 Nd7 10. N2f3 Ng6 11. Bc2 Qc7 12. Qe2 Nde5 13. Nxe5 dxe5 14. Nf3 Be7 15. a4 Bd7 16. Rfd1 b5 17. Ng5 h6 18. Nf3 Bc6 19. Nd2 Kh7 20. axb5 axb5 21. Nb3 f5 22. Rxa8 Bxa8 23. Qxb5 Rb8 24. Qa6 f4 25. Bc1 Bc6 26. Qe2 Ba4 27. Na1 Bb5 28. Bd3 Ba4 29. Nc2 Bc5 30. Rf1 Rf8 31. Ne1 Be8 32. b4 Ba7 33. c4 Nh4 34. Qg4 Qe7 35. c5 h5 36. Qd1 Qg5 37. Kh1 Qf6 38. Nf3 Nxf3 39. Qxf3 g5 40. Qe2 g4 41. f3 Qg7 42. Bb2 gxf3 43. Qxf3 Qg5 44. Bc4 Rf6 45. Rd1 h4 46. Be2 Rh6 47. Qf2 Bc6 48. Bd3 h3 49. b5 Bxc5 50. Qf3 Be8 51. g4 fxg3 52. Qxg3 Qh5 53. Re1 Rg6 54. Be2 Qxe2 55. Rxe2 Rxg3 56. hxg3 Bxb5 57. Re1 Bf2 58. Rc1 Bxg3 59. Rc3 Bf4 60. Rxh3+ Kg6 61. Kg2 Be2 62. Ra3 Kf6 63. Ra8 Ke7 64. Ba3+ Kf6 65. Rf8+ Kg7 66. Rb8 Kf6 67. Bb2 Bd1 68. Rf8+ Kg6 69. Rc8 Kf6 70. Ba3 Be2 71. Bd6 Bd1 72. Rf8+ Kg7 73. Rc8 Kf6 74. Rc7 Be2 75. Be7+ Kg6 76. Bh4 Kh5 77. Bf2 Kg6 78. Rc6 Bg4 79. Bh4 Kh5 80. Bg3 Kg6 81. Rc8 Bd1 82. Rc7 Be2 83. Re7 Bg4 84. Kf2 Kf6 85. Bh4+ Kg6 86. Re8 Kf7 87. Rb8 Bd1 88. Rc8 Bg4 89. Bg3 Bd1 90. Rc4 Kf6 91. Bh4+ Kg6 92. Rc6 Bg4 93. Rd6 Kh5 94. Bd8 Kg6 95. Ba5 Kf6 96. Rd8 Ke7 97. Rc8 Bd1 98. Rc7+ Kf6 99. Rc3 Bg4 100. Rd3 Kg6 101. Bd2 Kf6 102. Rd8 Kf7 103. Bxf4 exf4 104. Ra8 Kf6 105. Ra5 Bd1 106. Rc5 Bg4 107. Ra5 Bd1 108. Rc5 Bg4 109. Ra5 Bd1 110. Ra1 Bg4 111. Ra5 1/2-1/2

[Event "SibFO-ch op (Women)"]
[Site "Novokuznetsk"]
[Date "2013.03.26"]
[Round "6"]
[White "Grigorian, Marine"]
[Black "Averchenko, Ekaterina"]
[Result "1-0"]
[WhiteElo "2121"]
[BlackElo "2222"]
[PlyCount "109"]
[EventDate "2013.03.21"]
[EventType "swiss"]
[EventRounds "9"]
[EventCountry "RUS"]
[SourceTitle "CBM 153 Extra"]
[Source "ChessBase"]
[SourceDate "2013.04.22"]
[SourceVersion "1"]
[SourceVersionDate "2013.04.22"]
[SourceQuality "1"]

1. e4 c5 2. Nf3 Nc6 3. Bb5 Qc7 4. c3 a6 5. Ba4 c4 6. 0-0 g6 7. d4 cxd3 8. Qxd3 Bg7 9. Bg5 Nf6 10. Nbd2 b5 11. Bb3 0-0 12. Rfe1 Bb7 13. Nf1 Ng4 14. Ne3 Nxe3 15. Qxe3 d6 16. Bh6 Na5 17. Bxg7 Kxg7 18. Bd5 Nc4 19. Qe2 Rac8 20. Bxb7 Qxb7 21. b3 Nb6 22. Rac1 Rc5 23. e5 d5 24. Qe3 Rcc8 25. Nd4 h6 26. f4 e6 27. g4 Rce8 28. f5 Kh7 29. f6 Nd7 30. Qh3 Qc7 31. Qg3 Nc5 32. Re3 Ne4 33. Qf4 g5 34. Qf3 Qxe5 35. Rf1 Rc8 36. Qh3 Rg8 37. Qh5 Rg6 38. Rff3 Rxf6 39. Rxf6 Qxf6 40. Rf3 Kg7 41. Rxf6 Nxf6 42. Qh3 Ne4 43. Ne2 a5 44. Qe3 Kg6 45. Qd3 Kf6 46. Qxb5 Nxc3 47. Nxc3 Rxc3 48. Qxa5 Rc2 49. a4 Ke5 50. Qe1+ Kd4 51. a5 Ra2 52. b4 Kc4 53. Qb1 Ra4 54. Qc2+ Kxb4 55. Qxa4+ 1-0

[Event "SibFO-ch op (Women)"]
[Site "Novokuznetsk"]
[Date "2013.03.24"]
[Round "4"]
[White "Averchenko, Ekaterina"]
[Black "Khungueva, Olga"]
[Result "1-0"]
[WhiteElo "2222"]
[BlackElo "2002"]
[PlyCount "181"]
[EventDate "2013.03.21"]
[EventType "swiss"]
[EventRounds "9"]
[EventCountry "RUS"]
[SourceTitle "CBM 153 Extra"]
[Source "ChessBase"]
[SourceDate "2013.04.22"]
[SourceVersion "1"]
[SourceVersionDate "2013.04.22"]
[SourceQuality "1"]

1. e4 c5 2. Nf3 g6 3. d4 cxd4 4. Nxd4 Nc6 5. c4 Bg7 6. Be3 d6 7. Be2 Nf6 8. Nc3 0-0 9. 0-0 Nxd4 10. Bxd4 Bd7 11. f4 Bc6 12. Bf3 Nd7 13. Bxg7 Kxg7 14. Qd2 a5 15. Rad1 Nc5 16. Qd4+ f6 17. Kh1 Qc7 18. Rfe1 Rad8 19. Bg4 Kg8 20. Qe3 b6 21. Nd5 Bxd5 22. exd5 f5 23. Bf3 Rf7 24. b3 Rc8 25. a3 Rg7 26. g4 Qd7 27. h3 Rb8 28. b4 axb4 29. axb4 Na6 30. Ra1 Qc8 31. Qa3 Ra8 32. Rac1 Nc5 33. Qe3 Nd7 34. Qe6+ Kh8 35. Ra1 Nf6 36. g5 Ne4 37. Bxe4 fxe4 38. Qxc8+ Rxc8 39. Rxe4 Rc7 40. Ra6 Rb7 41. Kg2 Kg8 42. Kf3 Kf7 43. Ra8 Rg8 44. Rxg8 Kxg8 45. Ke3 Kf7 46. Kd4 Ra7 47. Re3 Ra4 48. Rb3 Ra1 49. Ke4 Rc1 50. Kd3 Rf1 51. Ke3 Rc1 52. Kd3 Rf1 53. Rb2 Rxf4 54. Ra2 Rf3+ 55. Ke4 Rxh3 56. Ra6 Rh4+ 57. Kd3 Rh3+ 58. Kc2 Rh2+ 59. Kb3 Rh3+ 60. Ka4 Rh4 61. Kb5 Rg4 62. Ra1 Rxg5 63. Kxb6 Rg4 64. Kb5 Rd4 65. Rc1 Ke8 66. Ka6 Kd7 67. b5 Rd2 68. Ra1 Rb2 69. b6 Kc8 70. Rf1 Ra2+ 71. Kb5 Kb7 72. Rf7 Rb2+ 73. Ka5 Ra2+ 74. Kb4 Kxb6 75. Rxe7 Rb2+ 76. Kc3 Rh2 77. Rd7 g5 78. Rxd6+ Kc7 79. c5 g4 80. Rc6+ Kd7 81. Rd6+ Kc7 82. Rf6 g3 83. Rf7+ Kd8 84. Rg7 g2 85. c6 Rh1 86. Rxg2 Kc7 87. Rg7+ Kc8 88. Kd4 Re1 89. Rxh7 Re8 90. Kc5 Rd8 91. Ra7 1-0

[Event "Khanty-Mansiysk Governor Cup-B 8th"]
[Site "Khanty-Mansiysk"]
[Date "2012.11.16"]
[Round "2"]
[White "Zemerov, Eugenij"]
[Black "Averchenko, Ekaterina"]
[Result "0-1"]
[WhiteElo "2042"]
[BlackElo "2184"]
[PlyCount "88"]
[EventDate "2012.11.15"]
[EventType "swiss"]
[EventRounds "9"]
[EventCountry "RUS"]
[SourceTitle "CBM 151 Extra"]
[Source "ChessBase"]
[SourceDate "2012.12.18"]
[SourceVersion "1"]
[SourceVersionDate "2012.12.18"]
[SourceQuality "1"]

1. Nf3 g6 2. c4 Bg7 3. g3 e5 4. Nc3 d6 5. Bg2 Ne7 6. d4 0-0 7. 0-0 c6 8. Rb1 h6 9. e4 Na6 10. Be3 f5 11. Qc1 g5 12. dxe5 dxe5 13. Rd1 Qe8 14. exf5 Bxf5 15. Ra1 Bg4 16. Nd2 Bxd1 17. Qxd1 Nf5 18. Qb3 Qf7 19. Nde4 Nd4 20. Qa4 Qe7 21. c5 Nxc5 22. Qa3 b6 23. Nxc5 Qxc5 24. Qxc5 bxc5 25. Ne4 Rab8 26. Rb1 Rfd8 27. Bf1 Bf8 28. Bc4+ Kg7 29. g4 a5 30. Nc3 Nf3+ 31. Kg2 Nd2 32. Bxd2 Rxd2 33. Na4 Rd4 34. Rc1 Rxg4+ 35. Kf1 Rh4 36. Kg2 Rf4 37. b3 Rd8 38. Rc2 Be7 39. Re2 Rg4+ 40. Kf3 Rf4+ 41. Kg2 e4 42. Nc3 Rd4 43. Re3 Rg4+ 44. Kf1 Bd6 0-1

[Event "Pushchino (Women) op"]
[Site "Pushchino"]
[Date "2012.09.11"]
[Round "9"]
[White "Belenkaya, Dina"]
[Black "Averchenko, Ekaterina"]
[Result "0-1"]
[WhiteElo "2170"]
[BlackElo "2149"]
[PlyCount "82"]
[EventDate "2012.09.02"]
[EventType "swiss"]
[EventRounds "9"]
[EventCountry "RUS"]
[SourceTitle "CBM 150 Extra"]
[Source "ChessBase"]
[SourceDate "2012.10.19"]
[SourceVersion "1"]
[SourceVersionDate "2012.10.19"]
[SourceQuality "1"]

1. d4 Nf6 2. Nf3 g6 3. Nbd2 d5 4. c4 Bg7 5. cxd5 Nxd5 6. e4 Nb6 7. Nb3 0-0 8. Be2 a5 9. a4 Bg4 10. 0-0 Nc6 11. Be3 e6 12. Qd2 Bxf3 13. Bxf3 Nc4 14. Qc3 Nxe3 15. fxe3 e5 16. d5 Ne7 17. Nxa5 Nxd5 18. exd5 e4 19. Qb3 Rxa5 20. Bxe4 Qe7 21. Bf3 Ra6 22. a5 b6 23. d6 Qxd6 24. Bd5 Qe7 25. Ra4 Be5 26. Qb5 Rxa5 27. Rxa5 bxa5 28. Qxa5 Bxb2 29. e4 Bd4+ 30. Kh1 c5 31. Qa2 Kg7 32. Qc4 Be5 33. Qb3 h5 34. Qd3 Qd6 35. Qb3 Bxh2 36. Rxf7+ Rxf7 37. Bxf7 Be5 38. Bd5 Qf6 39. Qf3 Qh4+ 40. Kg1 Qe1+ 41. Qf1 Bd4+ 0-1

[Event "Pushchino (Women) op"]
[Site "Pushchino"]
[Date "2012.09.07"]
[Round "5"]
[White "Averchenko, Ekaterina"]
[Black "Girya, Olga"]
[Result "0-1"]
[WhiteElo "2149"]
[BlackElo "2094"]
[PlyCount "146"]
[EventDate "2012.09.02"]
[EventType "swiss"]
[EventRounds "9"]
[EventCountry "RUS"]
[SourceTitle "CBM 150 Extra"]
[Source "ChessBase"]
[SourceDate "2012.10.19"]
[SourceVersion "1"]
[SourceVersionDate "2012.10.19"]
[SourceQuality "1"]

1. e4 c6 2. d4 d5 3. exd5 cxd5 4. Bd3 Nc6 5. c3 Qc7 6. h3 Nf6 7. Nf3 g6 8. 0-0 Bf5 9. Bxf5 gxf5 10. c4 dxc4 11. Nc3 0-0-0 12. Qa4 Nd5 13. Nb5 Qb6 14. Qxc4 Bg7 15. Ne5 Bxe5 16. dxe5 a6 17. Nd6+ exd6 18. Qxd5 dxe5 19. Qxf7 f4 20. b3 Qd4 21. Ba3 Kb8 22. Rac1 Rhg8 23. Bc5 Qd5 24. Qxd5 Rxd5 25. Rfd1 Rgd8 26. Rxd5 Rxd5 27. Kf1 Rd2 28. Re1 Kc7 29. Re2 Rd1+ 30. Re1 Rd5 31. Ba3 Kd7 32. Bb2 Ke6 33. Bc3 Rc5 34. Bd2 Kf5 35. Rc1 Rd5 36. Bc3 Rd7 37. Ke2 Rg7 38. Kf1 Rd7 39. Ke2 Rg7 40. Kf1 Rc7 41. Rd1 Ne7 42. Bb4 Ng6 43. Ke2 Rc2+ 44. Rd2 Rxd2+ 45. Bxd2 Ke4 46. Be1 Ne7 47. f3+ Kd4 48. g4 fxg3 49. Bxg3 Ng6 50. Kd2 Nf4 51. Bf2+ Kd5 52. h4 Ke6 53. Ke3 Kf5 54. Bg3 Ne6 55. Be1 Nc5 56. Bb4 Ne6 57. Be1 Nf4 58. Bg3 Nh5 59. Be1 Nf6 60. Bg3 Nd5+ 61. Kd2 Nb4 62. a3 Nc6 63. Kd3 Nd4 64. f4 exf4 65. Bxf4 Kxf4 66. Kxd4 Kg4 67. Ke4 Kxh4 68. Kf4 a5 69. b4 axb4 70. axb4 b5 71. Kf3 Kg5 72. Kg3 Kf5 73. Kf3 Ke5 0-1

[Event "Pushchino (Women) op"]
[Site "Pushchino"]
[Date "2012.09.06"]
[Round "4"]
[White "Doluhanova, Evgeniya"]
[Black "Averchenko, Ekaterina"]
[Result "0-1"]
[WhiteElo "2247"]
[BlackElo "2149"]
[PlyCount "116"]
[EventDate "2012.09.02"]
[EventType "swiss"]
[EventRounds "9"]
[EventCountry "RUS"]
[SourceTitle "CBM 150 Extra"]
[Source "ChessBase"]
[SourceDate "2012.10.19"]
[SourceVersion "1"]
[SourceVersionDate "2012.10.19"]
[SourceQuality "1"]

1. e4 c5 2. Nf3 Nc6 3. d4 cxd4 4. Nxd4 Nf6 5. Nc3 e5 6. Ndb5 d6 7. Nd5 Nxd5 8. exd5 Ne7 9. c4 Ng6 10. Be2 Be7 11. Be3 a6 12. Nc3 0-0 13. 0-0 f5 14. f3 Bg5 15. Bf2 Nf4 16. Re1 Bh4 17. Bxh4 Qxh4 18. Bf1 Rf6 19. g3 Rg6 20. Bg2 Qg5 21. Qc2 Nxg2 22. Qxg2 Bd7 23. c5 Re8 24. f4 exf4 25. Rxe8+ Bxe8 26. Re1 fxg3 27. hxg3 Bd7 28. Ne2 Qe3+ 29. Qf2 Qxc5 30. Qxc5 dxc5 31. Rc1 b6 32. b4 cxb4 33. Nd4 Rd6 34. Nc2 a5 35. Ne3 b5 36. Kf2 Kf7 37. Ke2 g5 38. Rf1 Rf6 39. Kd3 Ke7 40. Kd4 Kd6 41. Nd1 Rf8 42. Rh1 f4 43. Rh6+ Kc7 44. g4 Bxg4 45. Rxh7+ Kd6 46. Rh6+ Kd7 47. Rh7+ Kd8 48. Nf2 Bf5 49. Rg7 g4 50. Nxg4 Bxg4 51. Rxg4 f3 52. Rg1 f2 53. Rf1 a4 54. Kc5 b3 55. a3 b2 56. Kxb5 b1Q+ 57. Rxb1 f1Q+ 58. Rxf1 Rxf1 0-1

[Event "Izmailov Memorial op 16th"]
[Site "Tomsk"]
[Date "2012.08.14"]
[Round "9"]
[White "Averchenko, Ekaterina"]
[Black "Dmitrienko, Andrey"]
[Result "1-0"]
[WhiteElo "2121"]
[BlackElo "2249"]
[PlyCount "79"]
[EventDate "2012.08.06"]
[EventType "swiss"]
[EventRounds "9"]
[EventCountry "RUS"]
[SourceTitle "CBM 149 Extra"]
[Source "ChessBase"]
[SourceDate "2012.08.24"]
[SourceVersion "1"]
[SourceVersionDate "2012.08.24"]
[SourceQuality "1"]

1. e4 c5 2. Nf3 Nc6 3. d4 cxd4 4. Nxd4 g6 5. Nc3 Bg7 6. Be3 Nf6 7. Be2 0-0 8. f4 d6 9. 0-0 Bd7 10. Nb3 a5 11. a4 Nb4 12. Bf3 Bc6 13. Qd2 Nd7 14. Qf2 Qc7 15. Rad1 Rfe8 16. Rd2 Nc5 17. Nxc5 dxc5 18. Bg4 b6 19. f5 Rf8 20. Qh4 Rad8 21. fxg6 hxg6 22. Rdf2 Rd6 23. Rf3 Rf6 24. Rh3 Rxf1+ 25. Kxf1 f5 26. exf5 Kf7 27. Kg1 Ke8 28. Qh7 Qe5 29. Qxg6+ Kd8 30. Bf2 Bf6 31. Re3 Qf4 32. g3 Qc7 33. Ne4 Be8 34. Qh6 Rh8 35. Qf4 Qxf4 36. gxf4 Bd4 37. Re2 Bxf2+ 38. Rxf2 Bxa4 39. c3 Bc6 40. Ng5 1-0

[Event "Izmailov Memorial op 16th"]
[Site "Tomsk"]
[Date "2012.08.08"]
[Round "3"]
[White "Averchenko, Ekaterina"]
[Black "Shkurikhin, Ilia"]
[Result "1/2-1/2"]
[WhiteElo "2121"]
[BlackElo "2398"]
[PlyCount "88"]
[EventDate "2012.08.06"]
[EventType "swiss"]
[EventRounds "9"]
[EventCountry "RUS"]
[SourceTitle "CBM 149 Extra"]
[Source "ChessBase"]
[SourceDate "2012.08.24"]
[SourceVersion "1"]
[SourceVersionDate "2012.08.24"]
[SourceQuality "1"]

1. e4 e5 2. Bc4 Nf6 3. d3 Nc6 4. Nf3 Be7 5. 0-0 0-0 6. Re1 d6 7. a4 a6 8. h3 Na5 9. Ba2 h6 10. Nbd2 c5 11. Nf1 Be6 12. Ng3 Bxa2 13. Rxa2 Re8 14. Nf5 Bf8 15. Nh2 Nc6 16. c3 Ne7 17. Qf3 Nxf5 18. Qxf5 g6 19. Qf3 d5 20. Ng4 Nxg4 21. hxg4 dxe4 22. dxe4 Qb6 23. Ra1 Rad8 24. Qh3 g5 25. Qf3 Rd7 26. Qe2 Red8 27. Be3 Qc6 28. f3 c4 29. Kh2 Rd3 30. Qf2 b5 31. axb5 axb5 32. Ra2 b4 33. cxb4 Bxb4 34. Rea1 Bd2 35. Bxd2 Rxd2 36. Qg3 Qb5 37. Ra8 Rxa8 38. Rxa8+ Kh7 39. Ra7 Kg8 40. Ra8+ Kg7 41. f4 gxf4 42. Qa3 Kh7 43. Qf8 Rxg2+ 44. Kxg2 Qxb2+ 1/2-1/2

[Event "Central FR-chT"]
[Site "Verkhnedneprovsk"]
[Date "2006.12.03"]
[Round "3"]
[White "Averchenko, Ekaterina"]
[Black "Provotorov, Ivan"]
[Result "0-1"]
[WhiteElo "2190"]
[BlackElo "2358"]
[PlyCount "66"]
[EventDate "2006.11.30"]
[EventType "team-tourn"]
[EventRounds "7"]
[EventCountry "RUS"]
[SourceTitle "EXT 2019"]
[Source "ChessBase"]
[SourceDate "2018.10.10"]
[SourceVersion "1"]
[SourceVersionDate "2018.10.10"]
[SourceQuality "1"]

1. e4 e5 2. Nf3 Nc6 3. Bc4 Nf6 4. d3 Be7 5. Bb3 0-0 6. 0-0 d5 7. exd5 Nxd5 8. h3 Bf6 9. Re1 Re8 10. Nbd2 Na5 11. Bxd5 Qxd5 12. Ne4 Nc6 13. Nxf6+ gxf6 14. Nh2 Kh8 15. Qf3 Qd6 16. c3 Rg8 17. d4 Rg6 18. h4 Be6 19. dxe5 Nxe5 20. Rxe5 fxe5 21. g3 Bd5 22. Qd3 Bc6 23. Qxd6 Rxd6 24. Be3 Rad8 25. f4 Rd1+ 26. Rxd1 Rxd1+ 27. Kf2 Rb1 28. Ng4 Rxb2+ 29. Ke1 exf4 30. Bxf4 Rxa2 31. h5 f5 32. Nh6 Kg7 33. Nxf5+ Kf6 0-1